World Capitals closest to NATO A-Z - Hard Version - Statistics

General Stats
  • This quiz has been taken 17 times
    11 since last reset
  • The average score is 18 of 23
Answer Stats
Hint Answer % Correct
H Havana
100%
M Monaco
100%
V Vatican
100%
A Andorra la Vella
89%
D Dublin
89%
S San Marino
89%
Y Yerevan
89%
F Funafuti
78%
G Georgetown
78%
I Islamabad
78%
N Nicosia
78%
O Ouagadougou
78%
P Pristina
78%
Q Quito
78%
U Ulaanbaatar
78%
W Wellington
78%
B Bern
67%
J Jerusalem
67%
K Kingstown
67%
T Tbilisi
67%
C Castries
56%
L Lima
56%
R Roseau
56%
No matching quizzes found
Score Distribution
Percent of People with Each Score
Percentile by Number Answered
Your Score History
You have not taken this quiz since the last reset